Statistiche per Ricostruisci la Carriera del Calciatore - Cristiano Lucarelli

Clicka qui per fare il quiz!

Statistiche generali

  • Questo quiz è stato fatto 2 volte
  • Il punteggio medio è 3 su 13

Statistiche sulle risposte

HintRisposta% Corretto
1995-1996 Cosenza
100%
1997-1998 Atalanta
50%
1992-1993 Cuoiopelli
50%
2008-2009 Parma
50%
1999-2001 Lecce
0%
2003-2007 Livorno
0%
2009-2010Livorno
0%
2010-2012Napoli
0%
1996-1997Padova
0%
1993-1995 Perugia
0%
2007-2008 Šachtar
0%
2001-2003 Torino
0%
1998-1999 Valencia
0%

Distribuzione punteggi

Percentile per numero di risposta

Percentuale di utenti per punteggio

I tuoi punteggi nel tempo

Non hai fatto questo quiz